[Event "SR 3. liga A2 2004/2005"]
[Site "?"]
[Date "2005.??.??"]
[Round "?"]
[White "Ivan, Imrich st"]
[Black "Hertel, Ondrej"]
[Result "1/2-1/2"]
[WhiteElo "1780"]
[BlackElo "1910"]
[Annotator "Hlohovec jun.- Velky Meder"]
[PlyCount "152"]
[EventDate "2004.??.??"]

1. e4 c6 2. d4 d5 3. e5 Bf5 4. Bd3 Bxd3 5. Qxd3 e6 6. f4 Nd7 7. Be3 Qb6 8. Qb3
Ne7 9. Nf3 Nf5 10. Bf2 c5 11. Qxb6 axb6 12. c3 h5 13. Nh4 Nxh4 14. Bxh4 Be7 15.
Bxe7 Kxe7 16. Rf1 g6 17. Ke2 Nb8 18. Nd2 Nc6 19. Nb3 cxd4 20. Nxd4 Nxd4+ 21.
cxd4 Rhc8 22. Rfd1 Rc2+ 23. Rd2 Rac8 24. Rad1 R2c4 25. Rd3 Kd7 26. Rb3 R8c6 27.
Kd3 Kc7 28. h3 Rc2 29. Rd2 Rc1 30. Re2 R6c4 31. Rc3 R4xc3+ 32. bxc3 Rf1 33. Ke3
Kc6 34. Rb2 b5 35. Rb3 Ra1 36. Ra3 Rg1 37. Kf2 Rc1 38. g4 hxg4 39. hxg4 Kb6 40.
Kg3 b4 41. cxb4 Rc4 42. Rd3 Rxb4 43. Kh4 Rb2 44. a3 Kb5 45. Rc3 Ka4 46. Rc7
Kxa3 47. Rxf7 b5 48. Rf6 Rd2 49. Rxe6 Rxd4 50. Kg5 b4 51. Ra6+ Kb2 52. Rxg6 b3
53. Rb6 Rc4 54. e6 d4 55. e7 Rc8 56. Rd6 Re8 57. Rxd4 Kc3 58. Re4 b2 59. Re3+
Kc4 60. Re1 Rxe7 61. Rb1 Rg7+ 62. Kf5 Rf7+ 63. Ke4 Re7+ 64. Kf3 Kc3 65. f5 Kc2
66. Rxb2+ Kxb2 67. Kf4 Kc3 68. f6 Re1 69. g5 Kd4 70. g6 $11 Rf1+ 71. Kg5 Ke5
72. f7 Ke6 73. Kh6 Ke7 74. Kg7 Rf6 75. Kh7 Rxf7+ 76. gxf7 Kxf7 1/2-1/2

[Event "SR 3. liga A2 2004/2005"]
[Site "?"]
[Date "2005.??.??"]
[Round "?"]
[White "Peska, Juraj"]
[Black "Vegh, Vince"]
[Result "0-1"]
[WhiteElo "1845"]
[BlackElo "1670"]
[Annotator "Hlohovec jun.- Velky Meder"]
[PlyCount "112"]
[EventDate "2004.??.??"]

1. c4 f5 2. Nc3 e6 3. d4 Nf6 4. Nf3 Be7 5. e3 O-O 6. Bd3 d6 7. h3 Qe8 8. g4 c6
9. Qc2 g6 10. gxf5 exf5 11. Bd2 a6 12. O-O-O b5 13. Rdg1 Nh5 14. Qb3 Be6 15. d5
cxd5 16. Nxd5 Bxd5 17. cxd5 Nd7 18. Kb1 Rc8 19. Rc1 Nc5 20. Qc2 Qf7 21. b4 Ne4
22. Qxc8 Nxd2+ 23. Nxd2 Rxc8 24. Rxc8+ Kg7 25. Nb3 Qxd5 26. Rd1 Bf6 27. Rc7+
Kh6 28. Bc2 Qf3 29. Rd2 Be5 30. Nd4 Qxh3 31. Ra7 Qf1+ 32. Bd1 f4 33. Rxa6 fxe3
34. fxe3 Nf6 35. Nf3 Ne4 36. Kc1 Nxd2 37. Kxd2 Qc4 38. a3 Bc3+ 39. Kc1 Qa2 40.
Bc2 Qa1+ 41. Bb1 Qb2+ 42. Kd1 Qxb1+ 43. Ke2 Qc2+ 44. Kf1 Be5 45. Nxe5 Qf5+ 46.
Ke2 Qxe5 47. Ra5 g5 48. Kf3 Kg6 49. a4 g4+ 50. Kxg4 Qe4+ 51. Kg3 Qxe3+ 52. Kg2
Qd2+ 53. Kf3 Qxb4 54. Rxb5 Qxa4 55. Rd5 Qc6 56. Ke4 h5 0-1

[Event "SR 3. liga A2 2004/2005"]
[Site "?"]
[Date "2005.??.??"]
[Round "?"]
[White "Ivan, Imrich ml"]
[Black "Kubis, Ivan"]
[Result "1/2-1/2"]
[WhiteElo "2020"]
[BlackElo "2090"]
[Annotator "Velky Meder - Skalica"]
[PlyCount "26"]
[EventDate "2004.??.??"]

1. Nf3 Nf6 2. g3 e6 3. Bg2 d5 4. O-O Be7 5. c4 O-O 6. d4 dxc4 7. Nc3 c5 8. dxc5
Qxd1 9. Rxd1 Nc6 10. Nd2 Rd8 11. Nxc4 Rxd1+ 12. Nxd1 Bxc5 13. Be3 Nd4 1/2-1/2

[Event "SR 3. liga A2 2004/2005"]
[Site "?"]
[Date "2005.??.??"]
[Round "?"]
[White "Hrubsa, Vladimir"]
[Black "Csefalvay, Stefan"]
[Result "0-1"]
[WhiteElo "1990"]
[BlackElo "1905"]
[Annotator "Velky Meder - Skalica"]
[PlyCount "65"]
[EventDate "2004.??.??"]

1. e4 e6 2. d4 d5 3. Nd2 dxe4 4. Nxe4 Nd7 5. Nf3 Ngf6 6. Ng3 c5 7. c3 Qc7 8.
Bd3 Bd6 9. O-O O-O 10. Re1 a6 11. Ne4 Nxe4 12. Rxe4 cxd4 13. Rh4 g6 14. cxd4 e5
15. Bh6 Re8 16. Rc1 Qd8 17. Bg5 Be7 18. Bxe7 Qxe7 19. Rc7 Qf6 20. Re4 Qd6 21.
Rc1 b5 22. Qe2 f6 23. Re1 Bb7 24. dxe5 fxe5 25. Rd1 Qf6 26. Rg4 Nc5 27. Bc2 Qe6
28. Ng5 Qxa2 29. Nxh7 e4 30. Nf6+ Kg7 31. Nxe8+ Rxe8 32. Qd2 Qc4 33. b3 {
zial,nedopisane partiare} 0-1

[Event "SR 3. liga A2 2004/2005"]
[Site "?"]
[Date "2005.??.??"]
[Round "?"]
[White "Vizvari, Ludovit"]
[Black "Londin, Martin"]
[Result "0-1"]
[WhiteElo "1790"]
[BlackElo "1935"]
[Annotator "Velky Meder - Skalica"]
[PlyCount "80"]
[EventDate "2004.??.??"]

1. d4 d5 2. c4 e6 3. Nc3 Nf6 4. Nf3 Nbd7 5. e3 b6 6. cxd5 exd5 7. Bd3 Bb7 8.
Bd2 c5 9. Rc1 a6 10. a4 Bd6 11. O-O O-O 12. Re1 Ne4 13. Bb1 Qf6 14. Re2 Qh6 15.
h3 Nxd2 16. Qxd2 cxd4 17. Nxd4 g6 18. Ba2 Nf6 19. Nxd5 Nxd5 20. Bxd5 Bxd5 21.
Nf5 gxf5 22. Qxd5 Rac8 23. Rec2 Rxc2 24. Rxc2 Rd8 25. Rc6 Qe6 26. Qxe6 fxe6 27.
g3 Kf7 28. Rxb6 a5 29. Rc6 Bb4 30. Rc2 Rd1+ 31. Kg2 Ra1 32. b3 Rb1 33. Ra2 Rxb3
34. g4 Kf6 35. Kf3 Rc3 36. Ke2 Rc1 37. Kf3 Rc4 38. Kg3 Re4 39. Kf3 h5 40. gxf5
exf5 0-1

[Event "SR 3. liga A2 2004/2005"]
[Site "?"]
[Date "2005.??.??"]
[Round "?"]
[White "Vepy, Ivan"]
[Black "Ivan, Imrich st"]
[Result "1-0"]
[WhiteElo "1890"]
[BlackElo "1780"]
[Annotator "Velky Meder - Skalica"]
[PlyCount "59"]
[EventDate "2004.??.??"]

1. e4 e6 2. d4 d5 3. Nc3 Nf6 4. Bd3 Be7 5. e5 Nfd7 6. Qg4 g6 7. Nf3 c5 8. O-O
cxd4 9. Nxd5 exd5 10. e6 fxe6 11. Bxg6+ hxg6 12. Qxg6+ Kf8 13. Re1 e5 14. Bh6+
Rxh6 15. Qxh6+ Kf7 16. Rxe5 Nf8 17. Rae1 Nc6 18. Qh5+ Kg7 19. Rxd5 Qc7 20. Nh4
Bxh4 21. Qxh4 Qf7 22. Qg3+ Ng6 23. Rg5 Bf5 24. h4 Re8 25. Rxe8 Qxe8 26. Rxf5
Nce7 27. Rg5 Kh6 28. h5 Nh8 29. Re5 Nf7 30. Rxe7 1-0

[Event "SR 3. liga A2 2004/2005"]
[Site "?"]
[Date "2005.??.??"]
[Round "?"]
[White "Szabo, Gabor"]
[Black "Hrubsa, Marian"]
[Result "1-0"]
[WhiteElo "1670"]
[BlackElo "1775"]
[Annotator "Velky Meder - Skalica"]
[PlyCount "37"]
[EventDate "2004.??.??"]

1. e4 e6 2. d4 d5 3. Nc3 Bb4 4. e5 Ne7 5. Bg5 c5 6. a3 Bxc3+ 7. bxc3 Qc7 8.
Bb5+ Nbc6 9. Ne2 O-O 10. O-O c4 11. Bxc6 Nxc6 12. f4 Ne7 13. Ng3 Nf5 14. Rf3
Re8 15. Nxf5 exf5 16. Rg3 Kh8 17. Qh5 Qb6 18. Bf6 gxf6 19. Qxf7 1-0

[Event "SR 3. liga A2 2004/2005"]
[Site "?"]
[Date "2005.??.??"]
[Round "?"]
[White "Sturdik, Igor"]
[Black "Puchart, Vladimir"]
[Result "0-1"]
[WhiteElo "1925"]
[BlackElo "2085"]
[Annotator "Modranka -Trnava B"]
[PlyCount "126"]
[EventDate "2004.??.??"]

1. e4 c5 2. Nf3 d6 3. d4 cxd4 4. Nxd4 Nf6 5. Nc3 a6 6. Bg5 Nbd7 7. Bc4 Qa5 8.
Qd2 e6 9. f3 Be7 10. O-O-O Ne5 11. Bb3 O-O 12. Rhe1 Rd8 13. Kb1 Qc7 14. f4 Nc6
15. Nf3 b5 16. Qe2 Na5 17. e5 dxe5 18. fxe5 Rxd1+ 19. Rxd1 Ne8 20. Bd5 Bb7 21.
Bxb7 Nxb7 22. Bxe7 Qxe7 23. Qe4 Rc8 24. a3 h6 25. Qd4 Nc5 26. Qb4 Qc7 27. Qd4
Na4 28. Rd3 Nb6 29. Rd2 Nc4 30. Rd3 Qc6 31. Qd7 Qxd7 32. Rxd7 Nxa3+ 33. bxa3
Rxc3 34. Kb2 Rc6 35. Ra7 Nc7 36. Kb3 Nd5 37. Nd4 Rc3+ 38. Kb2 Rc4 39. Nb3 Ne3
40. c3 Nd1+ 41. Kc2 Ne3+ 42. Kd2 Nf1+ 43. Kd3 Nxh2 44. Rxa6 Ng4 45. Nd4 Nxe5+
46. Ke4 Nd7 47. Ra8+ Kh7 48. Kd3 Nc5+ 49. Kc2 e5 50. Nxb5 Rg4 51. Nd6 Rxg2+ 52.
Kd1 Kg6 53. Ra5 Nb3 54. Rb5 Rd2+ 55. Ke1 Rxd6 56. Rxb3 h5 57. a4 h4 58. Kf2
Rd2+ 59. Kg1 h3 60. c4 h2+ 61. Kh1 Ra2 62. Rb4 e4 63. c5 e3 0-1

[Event "SR 3. liga A2 2004/2005"]
[Site "?"]
[Date "2005.??.??"]
[Round "?"]
[White "Krist, Milan"]
[Black "Mackovic, Miroslav"]
[Result "1-0"]
[WhiteElo "2000"]
[BlackElo "1930"]
[Annotator "Modranka - Trnava B"]
[PlyCount "121"]
[EventDate "2004.??.??"]

1. d4 g6 2. c4 Bg7 3. Nc3 Nf6 4. e4 d6 5. f4 O-O 6. Nf3 c5 7. d5 e6 8. Bd3 exd5
9. cxd5 Re8 10. O-O Nbd7 11. Re1 Nf8 12. Be3 a6 13. a4 Rb8 14. Bf2 Ng4 15. Qd2
Nxf2 16. Qxf2 Qc7 17. Kh1 c4 18. Bf1 b5 19. axb5 axb5 20. Ra7 Qb6 21. Qxb6 Rxb6
22. Ra5 Bd7 23. e5 dxe5 24. fxe5 Rc8 25. d6 Rb7 26. Nd5 Kh8 27. Ng5 Be6 28. Nc7
Rcb8 29. h3 h6 30. Nf3 Bd7 31. Nd4 Ne6 32. Ndxe6 fxe6 33. Re3 Rf8 34. Kg1 Rbb8
35. g4 Rf4 36. Be2 b4 37. Rc5 c3 38. b3 Rd4 39. Bd3 g5 40. Kg2 Rb6 41. Kf2 Rc6
42. Rxc6 Bxc6 43. Ke2 Bd7 44. Na8 Bb5 45. Nc7 Bd7 46. Na6 Bb5 47. Nc7 Bxd3+ 48.
Rxd3 c2 49. Rxd4 c1=Q 50. d7 Qb2+ 51. Rd2 Qxe5+ 52. Kd1 Bf6 53. Ne8 Bd8 54. Nd6
Kg7 55. Nb7 Qf6 56. Nd6 Qe7 57. Rd3 e5 58. Nf5+ Kf6 59. Nxe7 Kxe7 60. Ke2 Bb6
61. Kf3 1-0

[Event "SR 3. liga A2 2004/2005"]
[Site "?"]
[Date "2005.??.??"]
[Round "?"]
[White "Zarecky, Eduard"]
[Black "Puskas, Miroslav"]
[Result "1/2-1/2"]
[WhiteElo "1920"]
[BlackElo "2070"]
[Annotator "Modranka - Trnava B"]
[PlyCount "53"]
[EventDate "2004.??.??"]

1. d4 Nf6 2. c4 e6 3. Nc3 d5 4. Nf3 c6 5. e3 Bd6 6. Qc2 O-O 7. c5 Bc7 8. b4 Bd7
9. a4 a6 10. Ba3 Re8 11. Bd3 e5 12. dxe5 Bxe5 13. Nxe5 Rxe5 14. Bb2 Rg5 15. f3
Qe7 16. Kf2 g6 $11 17. Ne2 Bf5 18. Ng3 Bxd3 19. Qxd3 Nh5 20. Qd4 f6 21. Nxh5
Rxh5 22. g4 Re5 23. Qf4 Re6 24. h4 Nd7 25. g5 Ne5 26. Bxe5 fxe5 27. Qg4 $11
1/2-1/2

[Event "SR 3. liga A2 2004/2005"]
[Site "?"]
[Date "2005.??.??"]
[Round "?"]
[White "Mosny, Jaroslav"]
[Black "Gajarsky, Julius"]
[Result "0-1"]
[WhiteElo "2040"]
[BlackElo "1840"]
[Annotator "Modranka - Trnava B"]
[PlyCount "68"]
[EventDate "2004.??.??"]

1. d4 f5 2. Nf3 Nf6 3. g3 e6 4. Bg2 c6 5. O-O Be7 6. c4 d5 7. b3 b6 8. Bf4 Bd6
9. e3 O-O 10. Nbd2 Ne4 11. Qc2 Bxf4 12. gxf4 Rf6 13. Ne5 Bb7 14. Rac1 Qe8 15.
Qd1 Rh6 16. Rc2 Nd7 17. Nxd7 Qxd7 18. Nf3 Qe7 19. Kh1 Kh8 20. Rg1 Rg8 21. Bf1
g5 22. fxg5 Nxg5 23. Nxg5 Rxg5 24. f4 Rxg1+ 25. Kxg1 dxc4 26. Bxc4 Rg6+ 27. Rg2
Rxg2+ 28. Kxg2 c5+ 29. Kh3 Qg7 30. dxc5 Qg2+ 31. Kh4 Qxh2+ 32. Kg5 Qg3+ 33. Kf6
Qg7+ 34. Kxe6 Bc8+ 0-1

[Event "SR 3. liga A2 2004/2005"]
[Site "?"]
[Date "2005.??.??"]
[Round "?"]
[White "Hagara, Vladimir"]
[Black "Kozinka, Jan"]
[Result "1-0"]
[WhiteElo "1980"]
[BlackElo "1720"]
[Annotator "Modranka - Trnava B"]
[PlyCount "111"]
[EventDate "2004.??.??"]

1. d4 Nf6 2. c4 e6 3. Nc3 Bb4 4. e3 c5 5. Bd3 Nc6 6. Nf3 b6 7. O-O Bxc3 8. bxc3
Qc7 9. e4 d6 10. Bg5 Nd7 11. Qe2 O-O 12. Rfe1 Bb7 13. Be3 Rae8 14. Qc2 e5 15.
d5 Ne7 16. a4 a5 17. Nd2 Ng6 18. g3 Rb8 19. Nb1 h6 20. Na3 Ba6 21. Qe2 Ne7 22.
Nb5 Bxb5 23. cxb5 Nf6 24. c4 Qd7 25. f3 Ng6 $11 26. Qg2 Rbe8 27. Kh1 Kh7 28.
Rg1 Nh5 29. Raf1 Rg8 30. h3 Kh8 31. Kh2 Qe7 32. Qd2 Kh7 33. Qe2 Nf6 34. Rf2 Nd7
35. Rgf1 f6 36. Rg1 Nh8 37. f4 g6 38. Rfg2 Nf7 39. Bc2 Rg7 40. Qf2 Reg8 41. f5
g5 42. Bd1 Nf8 43. Bh5 Rh8 44. Qd2 Kg8 45. h4 Nh7 46. Rh1 Kf8 47. Bg6 Qd8 48.
Kg1 Ke7 49. Kf2 Qf8 50. Rgh2 gxh4 51. gxh4 Rgg8 52. Qe2 Qg7 53. Kf1 Nf8 54. Rg1
Nxg6 55. fxg6 h5 56. gxf7 1-0

[Event "SR 3. liga A2 2004/2005"]
[Site "?"]
[Date "2005.??.??"]
[Round "?"]
[White "Lahucky, Pavol"]
[Black "Pribila, Michal"]
[Result "1/2-1/2"]
[WhiteElo "2085"]
[BlackElo "2055"]
[Annotator "Hlohovec juniori - Gbely"]
[PlyCount "84"]
[EventDate "2004.??.??"]

1. c4 e5 2. Nc3 Nc6 3. e4 Bc5 4. d3 Nf6 5. Be2 d6 6. Bg5 h6 7. Bxf6 Qxf6 8. Nf3
Nd4 9. h3 c6 10. Qd2 a6 11. O-O-O b5 12. Rdf1 Qd8 13. Nxd4 Bxd4 14. Nd1 bxc4
15. dxc4 Rb8 16. f4 Be6 17. f5 Bd7 18. Rf3 Qg5 19. Qxg5 hxg5 20. Kc2 f6 21.
Rhf1 Rh4 22. g4 Rh8 23. Rg3 Kd8 24. Rff3 Kc7 25. Ra3 Rb6 26. Rgb3 Rxb3 27. Rxb3
c5 28. Nc3 Bxc3 29. Rxc3 Bc6 30. Re3 a5 31. Bf1 Rb8 32. Bg2 Rb4 33. b3 Rb8 34.
Kc3 a4 35. Re1 axb3 36. axb3 Ra8 37. Kb2 Bb7 38. Rh1 Rh8 39. Kc3 Bc6 40. Bf3
Bd7 41. Bd1 Bc6 42. Bc2 Rh4 1/2-1/2

[Event "SR 3. liga A2 2004/2005"]
[Site "?"]
[Date "2005.??.??"]
[Round "?"]
[White "Vach, Jozef"]
[Black "Gajarsky, Roman"]
[Result "0-1"]
[WhiteElo "2035"]
[BlackElo "2025"]
[Annotator "Hlohovec juniori - Gbely"]
[PlyCount "88"]
[EventDate "2004.??.??"]

1. d4 d5 2. Nf3 c6 3. c4 dxc4 4. e4 b5 5. Nc3 Nf6 6. Bg5 h6 7. Bxf6 gxf6 8. d5
a6 9. dxc6 Nxc6 10. Qxd8+ Nxd8 11. Nd5 Ne6 12. g3 Bb7 13. Bg2 Rd8 14. Rd1 Bxd5
15. Rxd5 Rxd5 16. exd5 Nc5 17. O-O e5 18. dxe6 fxe6 19. Nd4 Kf7 20. Rc1 Nd3 21.
Rb1 Bc5 22. Nc2 Bxf2+ 23. Kf1 Rb8 24. b3 Ba7 25. bxc4 bxc4 26. Rxb8 Bxb8 27.
Bb7 a5 28. Ba6 Ne5 29. Nd4 Ba7 30. Nc2 Ke7 31. Ke2 c3 32. Na3 Bc5 33. Nc4 Nxc4
34. Bxc4 e5 35. Kd3 Bd4 36. Bb3 f5 37. h3 Kf6 38. Bc2 h5 39. Bd1 Kg5 40. Kc4 h4
41. gxh4+ Kxh4 42. Kb5 Kxh3 43. Kxa5 Kg2 44. Kb4 f4 0-1

[Event "SR 3. liga A2 2004/2005"]
[Site "?"]
[Date "2005.??.??"]
[Round "?"]
[White "Slamena, Michal"]
[Black "Pribila, Gerhard"]
[Result "1-0"]
[WhiteElo "2085"]
[BlackElo "1715"]
[Annotator "Hlohovec juniori - Gbely"]
[PlyCount "55"]
[EventDate "2004.??.??"]

1. d4 Nf6 2. Nf3 d5 3. Bf4 g6 4. e3 Bg7 5. Bd3 O-O 6. O-O Bg4 7. h3 Bxf3 8.
Qxf3 c6 9. Nd2 Nbd7 10. c4 e6 11. Bd6 Re8 12. c5 e5 13. Bc2 Re6 14. b4 Ne8 15.
dxe5 Nxe5 16. Bxe5 Rxe5 17. Rad1 Qe7 18. e4 a5 19. exd5 Rxd5 20. Rfe1 Qf6 21.
Bb3 Qxf3 22. Nxf3 Rxd1 23. Rxd1 Bf6 24. Rd7 axb4 25. Rxf7 Kh8 26. g4 Rb8 27. g5
Bc3 28. Rf8+ 1-0

[Event "SR 3. liga A2 2004/2005"]
[Site "?"]
[Date "2005.??.??"]
[Round "?"]
[White "Jozefovic, Milan"]
[Black "Peska, Juraj"]
[Result "1-0"]
[WhiteElo "1730"]
[BlackElo "1845"]
[Annotator "Hlohovec juniori - Gbely"]
[PlyCount "59"]
[EventDate "2004.??.??"]

1. e4 c5 2. Bc4 Nc6 3. Nf3 Nf6 4. e5 Ng4 5. Bxf7+ Kxf7 6. Ng5+ Ke8 7. Qxg4 Nxe5
8. Qe4 d6 9. f4 Nf7 10. O-O Nxg5 11. fxg5 e6 12. g6 d5 13. Qg4 h5 14. Qf4 Qd7
15. Nc3 Bd6 16. Qg5 Be7 17. Qg3 Bf6 18. d3 Rf8 19. Bg5 a6 20. Rae1 b5 21. Bxf6
gxf6 22. Qf3 Kd8 23. Qxh5 Qg7 24. Nxd5 Rh8 25. Qf3 Qxg6 26. Nb6 Rb8 27. Nxc8
Rxc8 28. Rxe6 Qg5 29. Qb7 f5 30. Rd6+ 1-0

[Event "SR 3. liga A2 2004/2005"]
[Site "?"]
[Date "2005.??.??"]
[Round "?"]
[White "Synak, Jan"]
[Black "Kocak, Branislav"]
[Result "0-1"]
[WhiteElo "1775"]
[BlackElo "1660"]
[Annotator "Hlohovec juniori - Gbely"]
[PlyCount "64"]
[EventDate "2004.??.??"]

1. c4 Nf6 2. Nf3 e6 3. g3 d5 4. Bg2 c5 5. cxd5 exd5 6. d4 h6 7. O-O Be7 8. b3
O-O 9. dxc5 Bxc5 10. Ba3 Bxa3 11. Nxa3 Nc6 12. Nc2 Re8 13. Ncd4 Nxd4 14. Nxd4
Bg4 15. h3 Bh5 16. Rc1 a6 17. Qc2 Rc8 18. Qb2 Qd7 19. Rfe1 Bg6 20. Rxc8 Rxc8
21. Rc1 Be4 22. Rc3 Bxg2 23. Kxg2 Ne4 24. Rxc8+ Qxc8 25. Qc2 Qxc2 26. Nxc2 Nc3
27. Nb4 a5 28. Nd3 Nxa2 29. Nc5 Nc1 30. Nxb7 Nxb3 31. Nd6 Nd4 32. e3 a4 0-1

[Event "SR 3. liga A2 2004/2005"]
[Site "?"]
[Date "2005.??.??"]
[Round "?"]
[White "Zajicek, Ferdinand"]
[Black "Kollarik, Gorazd"]
[Result "1/2-1/2"]
[WhiteElo "1725"]
[BlackElo "1840"]
[Annotator "Hlohovec juniori - Gbely"]
[PlyCount "118"]
[EventDate "2004.??.??"]

1. e4 d5 2. exd5 Qxd5 3. Nc3 Qa5 4. Nf3 Nf6 5. Bc4 Bf5 6. O-O e6 7. d3 Nbd7 8.
a3 c6 9. Bf4 Be7 10. b4 Qd8 11. h3 O-O 12. Re1 Nd5 13. Bxd5 exd5 14. Qd2 Bf6
15. Bg5 Bxg5 16. Qxg5 Qxg5 17. Nxg5 Rfe8 18. Nf3 Kf8 19. Kf1 Rxe1+ 20. Rxe1 Re8
21. Rxe8+ Kxe8 22. Ke2 Ke7 23. Ke3 h6 24. Kf4 Bh7 25. h4 Kd6 26. g4 Nf8 27. Ne2
Ne6+ 28. Ke3 b6 29. c3 c5 30. d4 cxb4 31. axb4 Bc2 32. Kd2 Be4 33. Ne1 g6 34.
Kc1 g5 35. f3 Bh7 36. h5 f5 37. Kd2 fxg4 38. fxg4 Nc7 39. Nd3 Ke6 40. Ne5 Ne8
41. Nc1 Nf6 42. Ncd3 Be4 43. Nf2 Bg2 44. Ke1 a5 45. bxa5 bxa5 46. Ned3 Bf3 47.
Ne5 Be4 48. Kd2 Bg2 49. c4 dxc4 50. Nxc4 Kd5 51. Nxa5 Kxd4 52. Nc6+ Kd5 53.
Ne7+ Ke5 54. Ke3 Nd5+ 55. Nxd5 Kxd5 56. Nd3 Bh3 57. Kf3 Bf1 58. Nf2 Ke5 59. Ke3
Ba6 1/2-1/2

[Event "SR 3. liga A2 2004/2005"]
[Site "?"]
[Date "2005.??.??"]
[Round "?"]
[White "Skocik, Jozef"]
[Black "Papanek, Lubomir"]
[Result "1-0"]
[WhiteElo "1730"]
[BlackElo "1655"]
[Annotator "Hlohovec juniori - Gbely"]
[PlyCount "99"]
[EventDate "2004.??.??"]

1. e4 c5 2. Nc3 Nc6 3. g3 g6 4. Bg2 Bg7 5. d3 d6 6. Nge2 Nf6 7. Be3 Ng4 8. Bd2
Nd4 9. h3 Nf6 10. Nxd4 cxd4 11. Ne2 e5 12. c4 b6 13. Qa4+ Bd7 14. Qa3 Qc7 15.
Bb4 Bf8 16. f4 a5 17. O-O Nh5 18. Bd2 Qc8 19. f5 gxf5 20. exf5 Bc6 21. Bxc6+
Qxc6 22. f6 d5 23. cxd5 Qxd5 24. Qb3 Qxb3 25. axb3 Rg8 26. g4 Rg6 27. Rf5 Nxf6
28. Rxe5+ Kd7 29. b4 Bd6 30. Rf5 h5 31. g5 Be7 32. Kf2 Nh7 33. h4 f6 34. Nf4
Rgg8 35. g6 Nf8 36. Rg1 Ne6 37. Nxh5 axb4 38. Nxf6+ Bxf6 39. Rxf6 Raf8 40. Rxf8
Rxf8+ 41. Ke2 b3 42. h5 Nc5 43. Bb4 Re8+ 44. Kd2 Ne6 45. g7 Nf4 46. g8=Q Re2+
47. Kd1 Rxb2 48. Qf7+ Kc6 49. Qc4+ Kd7 50. Rg7+ 1-0

[Event "SR 3. liga A2 2004/2005"]
[Site "?"]
[Date "2005.??.??"]
[Round "?"]
[White "Stetina, Erik"]
[Black "Sulek, Viliam"]
[Result "1-0"]
[WhiteElo "1835"]
[BlackElo "2160"]
[Annotator "Trnava C - Gabcikovo"]
[PlyCount "79"]
[EventDate "2004.??.??"]

1. e4 c5 2. d4 cxd4 3. c3 d5 4. e5 Nc6 5. cxd4 Qb6 6. Nc3 e6 7. Nf3 Nge7 8. g4
Bd7 9. Be2 h5 10. Rg1 hxg4 11. Rxg4 Nf5 12. Rb1 Be7 13. Be3 g6 14. Kf1 Na5 15.
Kg2 Rc8 16. Na4 Bxa4 17. Qxa4+ Kf8 18. Bg5 Bxg5 19. Nxg5 Nc6 20. Bb5 Rh4 21. h3
Ncxd4 22. Bd3 Rh5 23. Qa3+ Qc5 24. Rc1 Qxa3 25. Rxc8+ Kg7 26. bxa3 Nc6 27. Nf3
Nfe7 28. Rc7 Kf8 29. Rxb7 a5 30. Bb5 Nxe5 31. Nxe5 Rxe5 32. Rh4 Rg5+ 33. Kf1 e5
34. Ra7 e4 35. Rxa5 Nf5 36. Rh8+ Kg7 37. Rd8 Nd4 38. Be2 Nf5 39. Rdxd5 e3 40.
Bg4 1-0

[Event "SR 3. liga A2 2004/2005"]
[Site "?"]
[Date "2005.??.??"]
[Round "?"]
[White "Janko, Ladislav"]
[Black "Halas, Miroslav"]
[Result "1-0"]
[WhiteElo "2200"]
[BlackElo "1830"]
[Annotator "Trnava C - Gabcikovo"]
[PlyCount "37"]
[EventDate "2004.??.??"]

1. e4 c6 2. d4 d5 3. e5 Bf5 4. Nc3 e6 5. g4 Bg6 6. Nge2 c5 7. Be3 Nd7 8. h4 h5
9. Nf4 Ne7 10. Nb5 Nc6 11. Nxg6 fxg6 12. Bd3 Qa5+ 13. Bd2 Qb6 14. Bg5 Ncxe5 15.
dxe5 Nxe5 16. Qe2 Nxg4 17. Bxg6+ Kd7 18. O-O-O Be7 19. Rxd5+ 1-0

[Event "SR 3. liga A2 2004/2005"]
[Site "?"]
[Date "2005.??.??"]
[Round "?"]
[White "Uvacek, Radovan"]
[Black "Petenyi, Tamas"]
[Result "1/2-1/2"]
[WhiteElo "1735"]
[BlackElo "2035"]
[Annotator "Trnava C - Gabcikovo"]
[PlyCount "154"]
[EventDate "2004.??.??"]

1. e4 c5 2. Nf3 d6 3. Nc3 Nf6 4. g3 g6 5. Bg2 Bg7 6. O-O O-O 7. Re1 Nc6 8. d3
Bg4 9. h3 Bxf3 10. Bxf3 Nd4 11. Bg2 Rb8 12. Ne2 Nd7 13. Rb1 Nxe2+ 14. Qxe2 b5
15. Bf4 a5 16. Qd2 a4 17. Bh6 b4 18. Bxg7 Kxg7 19. d4 cxd4 20. Qxd4+ Kg8 21.
Rbc1 Qb6 22. Red1 Qxd4 23. Rxd4 Rfc8 24. h4 Ne5 25. f4 Nc6 26. Rd5 Rc7 27. Bf1
Rcb7 28. b3 a3 29. h5 Rc7 30. c4 Nd8 31. Rcd1 Ne6 32. f5 Nc5 33. fxg6 hxg6 34.
hxg6 Nxe4 35. gxf7+ Kxf7 36. Rf5+ Ke8 37. Rh5 Kd7 38. Bh3+ e6 39. Bxe6+ Kxe6
40. Re1 Rg8 41. Rxe4+ Kd7 42. Kg2 Kc6 43. Kf3 Rf7+ 44. Rf4 Rxf4+ 45. Kxf4 Rf8+
46. Rf5 Rh8 47. Ke3 Re8+ 48. Kf2 Rh8 49. Kg2 Rg8 50. Rf4 Kc5 51. g4 Rg6 52.
Rf5+ Kd4 53. Kf3 Kc3 54. Rd5 Rf6+ 55. Rf5 Rg6 56. Kg3 Kb2 57. Rf2+ Kc3 58. Rg2
Kd4 59. Kf4 Rf6+ 60. Kg5 Rf1 61. Kg6 Rb1 62. g5 Rb2 63. Rg1 Rxa2 64. Kf7 Rf2+
65. Ke6 a2 66. g6 Rg2 67. Rxg2 a1=Q 68. g7 Qe1+ 69. Kd7 Qe4 70. g8=Q Qb7+ 71.
Kxd6 Qb6+ 72. Ke7 Qb7+ 73. Kf6 Qf3+ 74. Ke7 Qb7+ 75. Kd6 Qb6+ 76. Ke7 Qb7+ {
rovnaka pozicia 3x} 77. Ke8 Qa8+ 1/2-1/2

[Event "SR 3. liga A2 2004/2005"]
[Site "?"]
[Date "2005.??.??"]
[Round "?"]
[White "Puobis, Jozef"]
[Black "Jancik, Ondrej"]
[Result "0-1"]
[WhiteElo "2060"]
[BlackElo "1720"]
[Annotator "Trnava C - Gabcikovo"]
[PlyCount "92"]
[EventDate "2004.??.??"]

1. e4 c5 2. Nf3 d6 3. d4 cxd4 4. Nxd4 Nf6 5. Nc3 g6 6. Be3 Bg7 7. Be2 Nc6 8.
Qd2 O-O 9. Nxc6 bxc6 10. Bh6 Qc7 11. Bxg7 Kxg7 12. h4 h5 13. Qg5 e5 14. f3 d5
15. exd5 cxd5 16. O-O-O Rd8 17. g4 Be6 18. gxh5 Nxh5 19. f4 Nxf4 20. h5 f6 21.
hxg6 fxg5 22. Rh7+ Kxg6 23. Rxc7 d4 24. Bf3 dxc3 25. Be4+ Kf6 26. Rf1 cxb2+ 27.
Kb1 Bd5 28. Bd3 Ke6 29. Bb5 Rab8 30. Ba4 Rb7 31. Rc5 Kd6 32. Rc3 g4 33. Rd1 Ke6
34. Re1 Kf6 35. Rf1 Rh8 36. Bb3 Rh1 37. Rxh1 Bxh1 38. Kxb2 Ne2 39. Re3 Bf3 40.
Ka3 e4 41. Bd5 Re7 42. Bc4 Nd4 43. Kb2 g3 44. Kc3 g2 45. Re1 Nf5 46. Kd2 Rd7+
0-1

[Event "SR 3. liga A2 2004/2005"]
[Site "?"]
[Date "2005.??.??"]
[Round "?"]
[White "Kosar, Mikulas st"]
[Black "Hrusovsky, Frantisek"]
[Result "1-0"]
[WhiteElo "2075"]
[BlackElo "1620"]
[Annotator "Trnava C - Gabcikovo"]
[PlyCount "99"]
[EventDate "2004.??.??"]

1. e4 e5 2. Nf3 d6 3. d4 exd4 4. Nxd4 Nf6 5. Nc3 Be7 6. Be2 Bd7 7. Bf4 a6 8.
O-O O-O 9. Re1 Nc6 10. Nxc6 Bxc6 11. Bf3 Re8 12. e5 dxe5 13. Bxc6 Qxd1 14.
Raxd1 bxc6 15. Bxe5 Rac8 16. a3 Kf8 17. Kf1 Ng4 18. Bg3 Red8 19. h3 Rxd1 20.
Rxd1 Nf6 21. f3 Bc5 22. Bf2 Bxf2 23. Kxf2 Rb8 24. b3 Ke7 25. Rd2 Rd8 26. Rxd8
Kxd8 27. Na4 Nd5 28. Nc5 Nc3 29. Ke1 Nb5 30. a4 Nd4 31. c3 Ne6 32. Nxa6 Nf4 33.
Kf2 Kc8 34. Nc5 Nd5 35. c4 Nb6 36. Ke3 Kb8 37. Kd4 Nc8 38. a5 Ne7 39. Nd7+ Kb7
40. Kc5 Nc8 41. Ne5 f6 42. Nxc6 Nd6 43. b4 Nf7 44. b5 Nd6 45. a6+ Kc8 46. Na5
Kb8 47. Kc6 Nc8 48. Kd7 Nb6+ 49. Kd8 Na8 50. Nc6# 1-0

[Event "SR 3. liga A2 2004/2005"]
[Site "?"]
[Date "2005.??.??"]
[Round "?"]
[White "Klanica, Anton"]
[Black "Kubica, Adrian"]
[Result "1/2-1/2"]
[WhiteElo "1900"]
[BlackElo "1950"]
[Annotator "Trnava C - Gabcikovo"]
[PlyCount "94"]
[EventDate "2004.??.??"]

1. e4 e5 2. Nf3 Nf6 3. Nxe5 d6 4. Nf3 Nxe4 5. Qe2 Qe7 6. d3 Nf6 7. Bg5 Qxe2+ 8.
Bxe2 Be7 9. Nc3 Bg4 10. h3 Bh5 11. Nb5 Na6 12. a3 O-O 13. O-O Rfe8 14. Rfe1 c6
15. Nc3 Nc7 16. Nh2 Bxe2 17. Rxe2 Nfd5 18. Nxd5 Nxd5 19. Rae1 Kf8 20. Nf3 h6
21. Bc1 Bf6 22. c4 Nc7 23. Bf4 Rad8 24. Rxe8+ Nxe8 25. Re2 d5 26. c5 b5 27. Kf1
a5 28. Be5 Be7 29. d4 f6 30. Bf4 g5 31. Bd2 a4 32. h4 Ng7 33. g4 Re8 34. hxg5
hxg5 35. Kg2 Bd8 36. Rxe8+ Kxe8 37. Ne1 Ne6 38. Nc2 Bc7 39. Be3 Bf4 40. Kf3 Kd7
41. Ne1 Bc7 42. Nc2 Bb8 43. Ke2 Bc7 44. Kd3 Ke7 45. Bd2 Kd7 46. Be3 Kc8 47. Ne1
Kd7 1/2-1/2